KPOP Groups (2026) - Statistics

General Stats
  • This quiz has been taken 415 times
    95 since last reset
  • The average score is 93 of 500
Answer Stats
Group name % Correct
BTS
94%
ENHYPEN
89%
ILLIT
88%
BLACKPINK
86%
LE SSERAFIM
85%
aespa
83%
Stray Kids
83%
ZEROBASEONE
82%
B.I.G
80%
ITZY
80%
TXT
80%
CORTIS
78%
SEVENTEEN
78%
BIG BANG
77%
IVE
77%
IZ
77%
Katseye *
77%
2pm
75%
ATEEZ
75%
B.O.Y
75%
NCT Dream
75%
R Red Velvet
75%
Twice
75%
BABYMONSTER
74%
New Jeans
74%
BOYNEXTDOOR
72%
EXO
72%
i-dle
72%
Iz*one
71%
P P1Harmony
71%
Hearts2hearts
69%
NCT 127
69%
2ne1
66%
TREASURE
66%
2am
65%
TWS
65%
MAMAMOO
63%
NCT Wish *
62%
Fromis_9
60%
NMIXX
60%
SHINee
60%
ALLDAYPROJECT
58%
# &team *
58%
f(x)
58%
Girls' Generation
58%
Kiiikiii
58%
Loona
57%
Monsta X
57%
ALPHA DRIVE ONE
55%
Apink
55%
ASTRO
55%
EVERGLOW
55%
GOT7
55%
Riize
55%
Super Junior
55%
WANNA ONE
55%
D Day 6 *
54%
UNIS
54%
Wonder Girls
54%
XG *
54%
Dreamcatcher
52%
Gfriend
52%
Girlset *
52%
iKON
52%
KISS OF LIFE
52%
Momoland
52%
AOA
51%
Izna
51%
Block B
49%
BTOB
49%
CRAVITY
49%
Kep1er
49%
LNGSHOT
49%
NCT U
49%
Stayc
49%
VIVIZ
49%
FIFTY FIFTY
48%
MEOVV
48%
SNSD
48%
The boyz
48%
Wayv *
48%
XD
48%
Purple Kiss
46%
tripleS
46%
I.O.I
45%
Kickflip
45%
Xdinary Heroes *
45%
KARA
43%
KARD
42%
Oh my girl
42%
Winner
42%
Pentagon
40%
S.I.S
40%
Sistar
40%
WJSN
40%
XLOV
40%
82MAJOR
38%
TVXQ
38%
Baby DONT cry
37%
Xikers
37%
After School
35%
Billlie
35%
Cherry Bullet
35%
SuperM
35%
Y YOUNG POSSE
35%
4minute
34%
Blackswan
34%
ONEUS
32%
8turn
31%
PLAVE
31%
T-ara
31%
VIXX
31%
Miss A
29%
NU'EST
29%
QWER *
29%
Weeekly
29%
ARTMS
28%
GOT the beat
28%
INFINITE
28%
LIGHTSUM
28%
Loossemble
28%
NiziU *
28%
X X1
28%
A.C.E
26%
Close Your eyes
26%
H.O.T
26%
Rocket Punch
26%
S.E.S
26%
1Verse
25%
AMPERS&ONE
25%
APRIL
25%
Brown Eyed Girls
25%
HIGHLIGHT
25%
SF9
25%
AKMU
23%
BADVILLAIN
23%
CIX
23%
TEMPEST
23%
ALL(H)OURS
22%
aoen *
22%
Big Ocean
22%
Girls' Day
22%
Gugudan
22%
JUST B
22%
SAY MY NAME
22%
Z ZE:A
22%
EPEX
20%
EXID
20%
M MADEIN
20%
N NATURE
20%
NEXZ
20%
PIXY
20%
RESCENE
20%
The KingDom
20%
VICTON
20%
AHOF
18%
CLASS:y
18%
E'LAST
18%
H1-Key
18%
IDID
18%
Mave
18%
OMEGA X
18%
OnlyOneOf
18%
Orange Caramel
18%
Pink Fantasy
18%
PRISTIN
18%
tri.be
18%
YOUNITE
18%
ablume *
17%
Alice
17%
BLITZERS
17%
DIA
17%
DKB
17%
GHOST9
17%
idntt *
17%
LUN8
17%
X:IN
17%
3YE
15%
BOY STORY *
15%
cignature
15%
DKZ
15%
EVNNE
15%
GWSN
15%
I ICHILLIN'
15%
ifeye
15%
Lapillus
15%
Lovelyz
15%
ONE PACT
15%
V VANNER
15%
1Team
14%
1THE9
14%
AtHeart
14%
B B1A4
14%
BBGIRLS
14%
CNBLUE
14%
DreamNote
14%
F.T. Island
14%
Limelight
14%
Santos Bravos *
14%
VAV
14%
VERIVERY
14%
WOOAH
14%
XODIAC
14%
15&
12%
ADYA
12%
B.A.P
12%
CRAXY
12%
g.o.d
12%
JYJ
12%
KIIRAS
12%
KNK
12%
POW
12%
PRIMROSE
12%
VVS
12%
24K+
11%
bugAboo
11%
BVNDIT
11%
Ciipher
11%
DRIPPIN
11%
MCND
11%
NCT DOJAEJUNG
11%
n.SSign
11%
ONF
11%
STELLAR
11%
TEEN TOP
11%
TNX
11%
Trouble Maker
11%
TUNEXX
11%
AIMERS
9%
AlphaBAT *
9%
APEX
9%
ARrC
9%
ATBO
9%
Baby V.O.X
9%
Busters
9%
Crayon POP
9%
CSR
9%
D.el
9%
DXMON
9%
HOT ISSUE
9%
HOTSHOT
9%
ILY:1
9%
IS:SUE *
9%
Jewelry
9%
LATENCY
9%
MIMIIROSE
9%
Queenz Eye
9%
Shinhwa
9%
The Wind
9%
WHIB
9%
13Found
8%
1CHU
8%
A A2O MAY *
8%
C Candy Shop
8%
Cosmosy
8%
HITGS
8%
LUNARSOLAR
8%
N.Flying
8%
Triple H
8%
A-JAX
6%
ARIAZ
6%
ATEEN
6%
AxMxP
6%
Boys’ Republic *
6%
Fantasy Boys
6%
HINAPIA
6%
IMFACT
6%
J JBJ
6%
Nine-i
6%
O ODD YOUTH
6%
SATURDAY
6%
TIOT
6%
U UDTT
6%
VVUP
6%
3piece
5%
5urprise
5%
ANS
5%
A SIX
5%
Baby Boo
5%
Beauty Box
5%
Berry Good
5%
BIGFLO
5%
BLANK2Y
5%
BXB
5%
ChoColat
5%
CIIU *
5%
DIAWINGS *
5%
DIH *
5%
Dragon Pony
5%
E EASTSHINE
5%
Fanatics
5%
Geenius
5%
GPP *
5%
Halo
5%
Kandis
5%
KAVE *
5%
Luminous
5%
MAJORS
5%
NCHIVE
5%
NCT JNJM
5%
Neon Punch
5%
NEWBEAT
5%
NexT1DE *
5%
NOIR
5%
NouerA
5%
NOWZ
5%
Q Q6IX
5%
Re:Hearts *
5%
RE:WIND
5%
T TAN
5%
TFN
5%
TOZ *
5%
TRCNG
5%
TRENDZ
5%
USPEER
5%
WAKER
5%
Wa$$up
5%
We;Na
5%
XENO-T
5%
Xonik
5%
ARGON
3%
ARTBEAT v
3%
ASC2NT
3%
AWEEK
3%
BarbieD *
3%
BDC
3%
BE:MAX
3%
BEWAVE
3%
BIGSTAR
3%
Bling Bling
3%
BTL
3%
Bz-Boys
3%
Clinah *
3%
DV.OL
3%
Dynamic Duo *
3%
EBiDAN *
3%
EPIC TRAVELS
3%
F F.ABLE
3%
Favorite
3%
GreatGuys
3%
HAWW
3%
HORI7ON
3%
H H//PE Princess
3%
ICU
3%
LIMESODA
3%
LOVEONE
3%
MINX
3%
MOA
3%
MONT
3%
New:ID *
3%
Noel *
3%
Rocking Doll
3%
SKYE
3%
SMORZ
3%
SNUPER
3%
SPECTRUM
3%
SS501
3%
The Blue
3%
The Grace
3%
The Melody *
3%
The Starz
3%
TINT
3%
Tomatomat
3%
VIVIDIVA
3%
Wannabe
3%
WeGirls
3%
WE US
3%
W W!TCHX
3%
XUM
3%
YUHZ
3%
Z.peline
3%
A4
2%
AEONIT
2%
A.H.H.A
2%
All-Star
2%
AM8IC
2%
AMBITION
2%
AMOR
2%
ANDOUBLE
2%
Apple.B
2%
ARISE
2%
AVION
2%
BABY BLUE
2%
BF
2%
Black Eye
2%
Black Rose
2%
Blue Fox
2%
BONUSBaby
2%
BOTOPASS
2%
BURVEY
2%
CATCH THE YOUNG
2%
Celest1a
2%
Chic Angel
2%
CLEO
2%
CMDM
2%
DAYCHILD
2%
Deux
2%
DIGNITY
2%
ENOi
2%
Ferry Blue
2%
Flor.us
2%
Fly to the Sky
2%
GIRLKIND
2%
Golden Girls
2%
G-reyish
2%
Hashtag
2%
HeyGirls
2%
HIGHSCHOOL
2%
HINT
2%
HyunA&DAWN
2%
I:mond
2%
IN A MINUTE
2%
IRISÉ
2%
J&J
2%
JJCC
2%
JJ Project
2%
Jus2
2%
JX
2%
KHAN
2%
Kitten Girls
2%
Koyote
2%
L L5ST
2%
LIVE HIGH
2%
Megamax
2%
MELODY
2%
Melody Day
2%
MEPC
2%
MINIMANI
2%
MY.st
2%
MYTEEN
2%
New Kidd
2%
NOMAD
2%
NTX
2%
Pastel Girls
2%
PIT A PAT
2%
PLAYBACK
2%
POLARIX
2%
PRITTI-G
2%
PURPLEBECK
2%
QI.X
2%
REDSQUARE
2%
RoaD-B
2%
Roo'ra
2%
SEVENTOEIGHT
2%
Smile.G
2%
STARSEED’Z
2%
SUPERKIND
2%
Tommy☆angels
2%
tracer
2%
Trainee A
2%
TWO TWO
2%
UNIV
2%
Unnies
2%
withus
2%
Aesther
0%
AGIRLS
0%
AltheA
0%
ASHA
0%
Aurora
0%
AVERIS
0%
Awe5omeBaby
0%
AWESOME
0%
AZM
0%
Bambino
0%
Bay.B
0%
BBde Girl
0%
Black Beat
0%
BLAH BLAH
0%
Blossom
0%
CHECKMATE
0%
Chumchurum
0%
DNA
0%
G GBB
0%
Girls’ World
0%
G.Story
0%
HI CUTIE
0%
HONEY CHU
0%
K KAACHI
0%
Kairos
0%
Lemonade
0%
LST
0%
LYKN
0%
Maka'Maka
0%
MIRI Girls
0%
M.M.D
0%
NAZE
0%
N-DAY
0%
NewUs
0%
OviGee
0%
Pattern
0%
Pink Heart
0%
PTMRS
0%
Q.O.S
0%
S2iT
0%
S S#arp
0%
Scandal
0%
Sphaze
0%
STRITZ
0%
THE7
0%
Tin Tin Five
0%
No matching quizzes found
Score Distribution
Percent of People with Each Score
Percentile by Number Answered
Your Score History
You have not taken this quiz since the last reset